Statistics for German Diaspora by Country

Click here to take the quiz!

General Stats

  • This quiz has been taken 100 times
  • The average score is 12 of 15

Answer Stats

PopulationAnswer% Correct
46,882,727United States
99%
3,203,330Canada
95%
273,654United Kingdom
95%
1,000,000France
93%
3,500,000Argentina
92%
12,000,000Brazil
92%
898,700Australia
87%
394,138Russia
87%
500,000Chile
86%
314,604Italy
86%
372,720Netherlands
80%
240,000Peru
69%
1,200,000South Africa
65%
290,000Paraguay
62%
375,000Bolivia
60%

Score Distribution

Percentile by Number Answered

Percent of People with Each Score

Your Score History

You have not taken this quiz